Datum a čas kvízu
39
Celkem bodů
Celkový počet nahraných bodů na tomto kvízu bez doplňovacích otázek.
1.
Pořadí na kvízu
Konečné umístění týmu na tomto kvízu.
Zaznamenané odpovědi
| # | Otázka | Odpověď | Body | Výsledky |
|---|---|---|---|---|
| 1. | Jeden z ministrů české vlády m... | Oto Klempíř | 1 | |
| 2. | Premiérem které země se stal R... | Nizozemska | 1 | |
| 3. | Minulý týden jsme se dozvěděli... | Yungblud | 0 | |
| 4. | V pátek byla oznámena fúze dvo... | Paramount (Skydance), Warner Bros. (Discovery) | 1 | |
| 5. | Pokud jste si na olympiádě obl... | Ostrava | 1 | |
| 6. | Zatímco v českých atlasech ten... | Iberové | 1 | |
| 7. | Vyberte správné tvrzení týkají... | B | 0 | |
| 8. | Červeně vyznačená oblast na se... | Baskicko, Bilbao | 1 | |
| 9. | Jak se jmenuje portugalský mys... | C | 1 | |
| 10. | Poslední otázka se týká města... | Porto | 1 |